| 000 | 00956nam a2200253 a 4500 | ||
|---|---|---|---|
| 001 | 000038834 | ||
| 003 | DO-SdBNP | ||
| 005 | 20250620143745.0 | ||
| 007 | ta | ||
| 008 | 130426s2021 dr a 000 0 spa d | ||
| 020 | _a9789945221640 | ||
| 040 |
_aDO-SdBNP _bspa _cBNPHU |
||
| 082 |
_axxx _bC352r |
||
| 100 | 1 |
_aCastillo Moya, Marcia _934500 |
|
| 245 | 1 | 0 |
_aRecuérdame quien soy cuando olvide dónde voy : _bmanual práctico dirigido a cuidadores de personas con alzheimer / _cMarcia Castillo Moya, Jocelyn Durán Taveras, Ivette Joga Almánzar ; edición y corrección de estilo Eleanor Grimaldi Silié |
| 260 |
_aSanto Domingo : _bBúho, _c2021. |
||
| 300 |
_a34 p. : _c29 cm. _gil. ; |
||
| 590 | _aInventariado, 2022 / DG | ||
| 700 |
_aDurán Taveras, Jocelyn _eautora _981628 |
||
| 700 |
_aJoga Almánzar, Ivette _eautora _981629 |
||
| 700 |
_aGrimaldi Silié, Eleanor _eedición y corrección de estilo _988158 |
||
| 910 | _aDG | ||
| 942 |
_2ddc _cLF2 |
||
| 999 |
_c51740 _d51740 |
||